000 01128nam a22002897a 4500
999 _c65937
_d65937
005 20240530110850.0
008 200912s2019 ua a f b 000 0dara d
017 _a2018/15382
_bمصر. دار الكتب
020 _a9789772123766
040 _aEG-CaGPL
_cEG-CaGPL
082 0 4 _221
_a953.0763\
_bف ع
100 0 _aفهمى عبدالغنى المصرى
245 1 2 _aالعلويين والاسماعيلية فى بلاد السند وفارس حتى سقوط الخلافة العباسية /
_cفهمى عبدالغنى المصرى
250 _aط.1
260 _aالاسكندرية :
_bمؤسسة شباب الجامعة ،
_c2019
300 _a401 ص. ؛
_c24 سم.
504 _aيشتمل على ارجاعات ببليوجرافية
650 0 7 _aفتح السند
_2qrmak
650 0 7 _aالشيعة
650 0 7 _aالاسماعيلية
650 0 7 _aالفرق الاسلامية
650 0 7 _aالعلويون
650 0 7 _aالتاريخ الاسلامى
_2qrmak
650 0 7 _aالعلويون
_xتاريخ
_2qrmak
942 _2ddc
_cBK